| 000 | 00713nim a2200241 i 4500 | ||
|---|---|---|---|
| 001 | bgj | ||
| 100 | 1 | _aGOWER, Roger | |
| 245 | 1 | 0 |
_aSpeaking : _bupper-intermediate / _cRoger Gower. |
| 250 | _a[2nd impr.]. | ||
| 260 |
_aOxford : _bOxford University Press, _c1989. |
||
| 300 | _a1 audio cassette. | ||
| 490 | 1 | _aOxford Supplementary Skills / Alan Maley, ed. | |
| 650 | 9 |
_aEnglish language _xSpoken English |
|
| 655 | _aTextbooks for foreigners | ||
| 700 | 1 |
_aMALEY, Alan. _eed. |
|
| 830 | 0 | _aOxford Supplementary Skills (Alan Maley, ed.) | |
| 020 | _a0194534138 (pbk) | ||
| 040 | _cBPK | ||
| 041 | 0 | _aeng | |
| 920 | _a0-19-453413-8 (pbk) | ||
| 942 | _cTM | ||
| 008 | s uk f |000 0 eng | ||
| 999 |
_c50079 _d50079 |
||
| 856 |
_uhttp://koha.tu.koszalin.pl/cgi-bin/koha/opac-detail.pl?biblionumber=50079 _yKatalog online BPK |
||